Statistiken für Errate das Land

Klicken Sie hier um das Quiz zu spielen!

Allgemein

  • Dieses Quiz wurde 1.126 mal gespielt
  • Das Durchschnittsergebnis liegt bei 5 aus 8

Antwortstatistiken

Tipp:Antwort:% Korrekt
Flächenmässig größtes Land der Welt:Russland
99%
Diese Land wird oft mit Slowenien verwechselt:Slowakei
80%
Diese Land grenzt als einziges an alle oben gennante Länder:Ukraine
65%
Das Land wurde, abgesehen von Italien und dem Vatikan, am häufigsten von Päpsten besucht:Polen
62%
Die Flägge ähnelt der von Tschad extrem:Rumänien
62%
Dieses Land ist das einzige in ganz Europa, wo die Todesstrafe praktzietiert wird:Weißrussland
60%
Die Amtswährung dieses Landes ist der Forint:Ungarn
57%
Europäisches Land mit den wenigsten Touristen:Moldawien
46%

Verteilung der Resultate

Perzentil nach korrekt beantworteten Fragen

Anzahl Personen mit jedem Resultat

Ihre Resultats-Entwicklung

Sie haben dieses Quiz noch nicht gespielt